02238nam a2200217Ia 45000010005000000080041000050100009000460410014000550820019000692450192000882600018002803000007002985200007003056300023003126300018003356300022003536500024003757000033003997000035004325201553004674732241029s9999 xx 000 0 und d a4472 aEspañol aIntec CYH 0087 0aDiagnóstico sobre el papel de la gestión escolar en la mejora de la condición socio-ambiental de trabajo docente, en el Liceo San José de Los Frailes II, Santo Domingo Este, 2011. aSanto Domingo a71 a50 aCentros Educativos aDiagnóstico aGestión Escolar aGestión Educativa easesoraFlorentino , Basilio eautoraHernández , Wilfredo  aEn toda sociedad y contexto educativo, la gestión en estos momentos tiene como una de sus funciones principales, velar porque la condición socio ambiental en que los docentes trabajan, sea la más adecuada. Se trata de mantenerla en condición, de acuerdo a los estándares exigidos. Durante mucho tiempo la condición socio-ambiental de trabajo docente, no han sido tomada en cuenta, en la importancia que en realidad tiene para asegurar la calidad educativa. Este contexto justifica la presente investigación, que tuvo como objetivo principal, la descripción de las características demográficas, económicas y socioculturales de los docentes y directores de la población objeto estudio. Se llevó a cabo una observación directa de la condición socio-ambiental, en la que trabajan los docentes del Liceo San José. Se indagó sobre la percepción que tienen directivos y docentes de la condición socio ambiental de trabajo docente de dicho Centro.La metodología seguida en esta investigación, fue de enfoque cuantitativo. Es un tipo de investigación descriptiva y las técnicas usadas fueron la observación y la encuesta. Los resultados se presentaron de una estadística descriptiva que contiene medias, tablas y gráficos, entre otros.  Los resultados indicaron según la medida global de las respuestas de los encuestados, que una mayoría considerable de la población objeto de estudio, está en desacuerdo con la condición socio-ambiental en que laboran los docentes en el Liceo San José.